000 00279nam a22001337a 4500
008 181030b xxu||||| |||| 00| 0 eng d
020 _a0815137745
041 _aeng
080 _a610
100 _a4
101 _aSHM
245 _aEmergency Medicine
_cRosen
942 _2udc
_cBK
999 _c51165
_d51165